| 000 | 00345nam a2200145Ia 4500 | ||
|---|---|---|---|
| 008 | 210210b1954 xxu||||| |||| 00| 0 eng d | ||
| 082 | _a910.02 STRP | ||
| 100 | _aSTRAHLER (Arthur N) | ||
| 245 | _aPhysical geography Ed 3 | ||
| 250 | _a | ||
| 260 |
_aN Y _bJanavadi Prakashana _c1954 |
||
| 300 | _a732 | ||
| 690 | _aGeography | ||
| 906 | _a031844 | ||
| 999 |
_c82878 _d82878 |
||